Les 30 plus gros transferts de la saison 2024/25 - Statistiques

Statistiques générales
  • Ce quiz a été pris 347 fois
    44 depuis la dernière actualisation
  • Le résultat moyen est 22 sur 30
Statistiques - réponses
Pays Club de départ Club d’arrivée Montant Joueur % Correct
Portugal SL Benfica PSG 59M€ João Neves
95%
France Crystal Palace Bayern Munich 53M€ Michael Olise
95%
Argentine Manchester City Atlético Madrid 75M€ Julián Alvarez
92%
Géorgie SSC Napoli PSG 70M€ Khvicha Kvaratskhelia
92%
France Lille OSC Manchester United 62M€ Leny Yoro
92%
Egypte Eintracht Francfort Manchester City 75M€ Omar Marmoush
92%
France Stade Rennais PSG 50M€ Désiré Doué
90%
France Aston Villa Al-Ittihad 60M€ Moussa Diaby
90%
Espagne RB Leipzig FC Barcelone 55M€ Dani Olmo
87%
Colombie Aston Villa Al-Nassr 77M€ Jhon Durán
85%
Angleterre Bournemouth Tottenham 64M€ Dominic Solanke
82%
Uruguay PSG Manchester United 50M€ Manuel Ugarte
82%
Pays-Bas PSG RB Leipzig 50M€ Xavi Simons
82%
Brésil Palmeiras Real Madrid 47M€ Endrick
79%
Portugal Wolverhampton Chelsea 60M€ Pedro Neto
79%
Pays-Bas Bayern Munich Manchester United 45M€ Matthijs de Ligt
77%
Italie FC Bologne Arsenal 45M€ Riccardo Calafiori
77%
Belgique Everton Aston Villa 59M€ Amadou Onana
74%
Angleterre Chelsea Atlético Madrid 42M€ Conor Gallagher
72%
Pays-Bas FC Bologne Manchester United 42M€ Joshua Zirkzee
72%
Portugal Atlético Madrid Chelsea 52M€ João Félix
69%
Pays-Bas Atalanta Bergame Juventus 58M€ Teun Koopmeiners
67%
Brésil Aston Villa Juventus 51M€ Douglas Luiz
64%
Portugal Fulham Bayern Munich 51M€ João Palhinha
64%
Espagne FC Porto Manchester City 60M€ Nico González
59%
France Leeds United Brighton 46M€ Georginio Rutter
56%
Angleterre Brentford Al-Ahli 42M€ Ivan Toney
54%
Pays-Bas Chelsea Aston Villa 44M€ Ian Maatsen
51%
Brésil FC Porto Al-Ahli 50M€ Galeno
33%
Angleterre Wolverhampton West Ham 47M€ Maximilian Kilman
26%
Aucun quiz correspondant
Distribution des résultats
% des personnes avec chaque résultat
Percentile par nombre de réponses
Votre historique - résultats
Vous n’avez pas pris ce quiz depuis la dernière actualisation